Adivinhe o país europeu e o americano por sua afro-colonia - Statistics

Estatísticas Gerais
  • Esse quiz foi jogado 216 vezes
  • A pontuação média é 40 de 54
Estatísticas das Respostas
País Africano País Europeu % Correto
Angola Portugal
98%
África do Sul Reino Unido
96%
Argélia França
92%
Cabo Verde Portugal
89%
Botsuana Reino Unido
86%
Benim França
85%
Burkina Faso França
83%
Costa do Marfim França
83%
Egito Reino Unido
83%
Camarões Alemanha
81%
Chade França e Alemanha
81%
Comores França
79%
Djibouti França
79%
Moçambique Portugal
79%
Gana Reino Unido e Alemanha
76%
Marrocos Espanha e França
75%
Guiné Equatorial Portugal e Espanha
75%
Senegal França
74%
Gabão França e Alemanha
74%
Guiné-Bissau Portugal
74%
São Tomé e Príncipe Portugal
74%
República do Congo França e Alemanha
73%
Essuatíni Reino Unido
73%
Burundi Alemanha
72%
Guiné França
72%
Madagascar França
72%
Mali França
72%
Somália Itália e Reino Unido
72%
Gâmbia Reino Unido
72%
Nigéria Reino Unido e Alemanha
72%
Tanzânia Alemanha
71%
Mauritânia França
71%
Níger França
71%
Tunísia França
71%
República Centro-Africana França e Alemanha
71%
Maurício França e Reino Unido
71%
Líbia Itália, Reino Unido e França
71%
Sudão Reino Unido
71%
Sudão do Sul Reino Unido
71%
Ruanda Alemanha
70%
Namíbia Alemanha e Reino Unido
70%
Seychelles França
70%
Eritreia Itália
70%
Etiópia Itália
70%
Lesoto Reino Unido
70%
Malauí Reino Unido
70%
Quênia Reino Unido
70%
Serra Leoa Reino Unido
70%
Zimbábue Reino Unido
70%
Uganda Reino Unido
69%
Zâmbia Reino Unido
69%
Togo Alemanha
67%
República Democrática do Congo Bélgica
64%
Libéria Estados Unidos
56%
Nenhum quiz correspondente encontrado
Distribuição das Pontuações
Porcentagem de Pessoas com Cada Pontuação
Percentil de Números Respondidos
Sua Pontuação Histórica
Você não jogou esse quiz